Curso adelantado sobre filosofía yogui y ocultismo oriental / (Record no. 140931)

MARC details
000 -LEADER
campo de control de longitud fija 00711nam a2200217 i 4500
001 - NÚMERO DE CONTROL
campo de control 140931
003 - IDENTIFICADOR DE NÚMERO DE CONTROL
campo de control ES-MaACL
005 - FECHA Y HORA DE LA ÚLTIMA TRANSACCIÓN
campo de control 20230906200201.0
007 - CAMPO FIJO DE DESCRIPCIÓN FÍSICA--INFORMACIÓN GENERAL
campo de control de longitud fija t|
008 - DATOS DE LONGITUD FIJA--INFORMACIÓN GENERAL
campo de control de longitud fija 070918s1923 ag ||||1| spa d
080 ## - NÚMERO DE LA CLASIFICACIÓN DECIMAL UNIVERSAL
Número de la Clasificación Decimal Universal 294.527
100 1# - ENTRADA PRINCIPAL--NOMBRE DE PERSONA
Nombre de persona Ramacharaka
Títulos y otros términos asociados al nombre Yogi.
9 (RLIN) 95061
245 10 - MENCIÓN DEL TÍTULO
Título Curso adelantado sobre filosofía yogui y ocultismo oriental /
Mención de responsabilidad, etc. por Yogi Ramacharaka ; traducción del inglés por M. López Villamil y Ricardo Vivié.
250 ## - MENCION DE EDICION
Mención de edición 2ª ed.
260 ## - PUBLICACIÓN, DISTRIBUCIÓN, ETC.
Lugar de publicación, distribución, etc. Buenos Aires :
Nombre del editor, distribuidor, etc. La Facultad,
Fecha de publicación, distribución, etc. 1923 (
Lugar de fabricación/manufactura Madrid :
Fabricante J. Pueyo)
300 ## - DESCRIPCIÓN FÍSICA
Extensión 401 p. ;
Dimensiones 19 cm.
650 #4 - PUNTO DE ACCESO ADICIONAL DE MATERIA--TÉRMINO DE MATERIA
Término de materia o nombre geográfico como elemento de entrada Yoga.
9 (RLIN) 17859
700 1# - ENTRADA AGREGADA--NOMBRE PERSONAL
Nombre de persona López Villamil, M.
9 (RLIN) 74027
700 1# - ENTRADA AGREGADA--NOMBRE PERSONAL
Nombre de persona Vivié, Ricardo.
9 (RLIN) 115602
852 ## - LOCALIZACIÓN
Ubicación ES-MaACL
Número de control de estantería G-3386
Holdings
Estatus retirado Estado de pérdida Estado de daño No para préstamo Biblioteca de origen Biblioteca actual Ubicación en estantería Fecha de adquisición Fuente de adquisición Total de préstamos Signatura topográfica completa Código de barras Visto por última vez Precio de reemplazo Tipo de ítem Koha
        Biblioteca del Ateneo de Madrid Biblioteca del Ateneo de Madrid Depósito 2 17/01/2008     G-3386 1146646 23/02/2023 23/02/2023 Libro impreso